000 00713cam a22002531 4500
008
049 _aMAIN
090 _aQH430
_bBUT
100 1 _aButler, J.A.V.
245 1 0 _aGene control in the living cell/
_cJ.A.V. Butler.
260 _aNew York,
_bBasic Books
_c[1968]
300 _a164 p. :
_bill.
_c22 cm.
504 _aIncludes bibliographical references.
650 0 _aMolecular genetics.
650 0 _aCancer.
650 0 _aGenetic regulation.
650 2 _aGenetics, Biochemical.
650 2 _aNeoplasms
_xetiology.
907 _a.b10013520
_b06-11-12
_c17-04-03
003
005 20230123134305.0
040 _cNUST
942 _cBOOKS
_kQH430
_mBUT
999 _c163324
_d163324